INDIA'S ANCIENT PAST (Record no. 193909)
[ view plain ]
| 000 -LEADER | |
|---|---|
| fixed length control field | 00465nam a22001577a 4500 |
| 005 - DATE AND TIME OF LATEST TRANSACTION | |
| control field | 20221123124459.0 |
| 010 ## - LCCN (DPL NO) | |
| LC control number | E.N.A./7.11.22 |
| 020 ## - INTERNATIONAL STANDARD BOOK NUMBER | |
| International Standard Book Number | 9789390473007 |
| Terms of availability | 575.00 |
| 037 ## - SOURCE OF ACQUISITION | |
| Source of stock number/acquisition | ACADEMIC ASPIRATIONS |
| 100 ## - MAIN ENTRY--PERSONAL NAME | |
| Personal name | VERGY KRISHNA |
| 245 ## - TITLE STATEMENT | |
| Title | INDIA'S ANCIENT PAST |
| Statement of responsibility, etc | KRISHNA VERGY |
| 260 ## - PUBLICATION, DISTRIBUTION, ETC. (IMPRINT) | |
| Place of publication, distribution, etc | New Delhi |
| Name of publisher, distributor, etc | ACADEMIC ASPIRATIONS |
| Date of publication, distribution, etc | 2022 |
| 270 ## - ADDRESS | |
| Address | 4740/23, Ansari Road ,Daryaganj |
| City | new delhi |
| Postal code | 110002 |
| 300 ## - PHYSICAL DESCRIPTION | |
| Extent | 360p |
| Other physical details | 24cm (pbk) |
| 942 ## - ADDED ENTRY ELEMENTS (KOHA) | |
| Source of classification or shelving scheme | Dewey Decimal Classification |
| Item type | English Books |
| Edition | 2022 |
| Call number suffix | VER |
No items available.
